Current English Players Who Have Played In National Team - Statistics

General Stats
  • This quiz has been taken 20 times
    18 since last reset
  • The average score is 65 of 110
Answer Stats
Cap Club Name % Correct
44 Arsenal Bukayo Saka
100%
3 Crystal Palace Dean Henderson
100%
66 Arsenal Declan Rice
100%
107 Bayern Munich Harry Kane
100%
84 Brentford Jordan Henderson
100%
76 Everton Jordan Pickford
100%
44 Real Madrid Jude Bellingham
100%
34 Manchester United Luke Shaw
100%
62 Barcelona Marcus Rashford
100%
45 Manchester City Phil Foden
100%
22 Atletico Madrid Conor Gallagher
94%
64 Manchester United Harry Maguire
94%
83 Manchester City John Stones
94%
96 Burnley Kyle Walker
94%
4 Nottingham Forest Morgan Gibbs-White
94%
18 Aston Villa Ollie Watkins
94%
34 Real Madrid Trent Alexander-Arnold
94%
12 Newcastle Anthony Gordon
89%
42 Brighton Danny Welbeck
89%
16 West Ham Jarrod Bowen
89%
32 FC Seoul Jesse Lingard
89%
54 Newcastle Kieran Trippier
89%
4 Arsenal Ben White
83%
12 Chelsea Cole Palmer
83%
12 Arsenal Eberechi Eze
83%
10 Manchester United Kobbie Mainoo
83%
23 Crystal Palace Marc Guehi
83%
19 Chelsea Reece James
83%
11 Roma Tammy Abraham
83%
5 Milan Fikayo Tomori
78%
7 Al-Ahli Ivan Toney
78%
39 Everton Jack Grealish
78%
61 Brighton James Milner
78%
31 Manchester City Kalvin Phillips
78%
36 Manchester United Mason Mount
78%
82 Chelsea Raheem Sterling
78%
5 Manchester City Rico Lewis
78%
9 West Ham Callum Wilson
72%
49 Monaco Eric Dier
72%
12 Aston Villa Ezri Konsa
72%
6 Brighton Lewis Dunk
72%
6 Aston Villa Morgan Rogers
72%
6 Liverpool Curtis Jones
67%
2 Newcastle Dan Burn
67%
26 Without Club Jamie Vardy
67%
5 Chelsea Levi Colwill
67%
3 Arsenal Myles Lewis-Skelly
67%
10 Newcastle Nick Pope
67%
5 Newcastle Aaron Ramsdale
61%
1 Crystal Palace Adam Wharton
61%
35 Besiktas Alex Oxlade-Chamberlain
61%
21 Chelsea Ben Chilwell
61%
3 Nottingham Forest Callum Hudson-Odoi
61%
31 Al-Fayha Chris Smalling
61%
11 Leeds Dominic Calvert-Lewin
61%
3 Tottenham Hotspur Dominic Solanke
61%
6 Without Club Fraser Foster
61%
1 Newcastle Harvey Barnes
61%
23 Manchester United Jadon Sancho
61%
7 Tottenham Hotspur James Maddison
61%
2 Everton James Tarkowski
61%
15 Liverpool Joe Gomez
61%
1 Leeds Patrick Bamford
61%
18 Aston Villa Tyrone Mings
61%
3 Without Club Danny Ings
56%
3 Fulham Emile Smith-Rowe
56%
10 Milan Ruben Loftus-Cheek
56%
1 Marseille Mason Greenwood
50%
1 Newcastle Tino Livramento
50%
5 Lyon Ainsley Maitland-Niles
44%
13 Kanchanaburi Power Andros Townsend
44%
10 Wrexham Conor Coady
44%
9 Rangers Jack Butland
44%
11 West Ham James Ward-Prowse
44%
12 Everton Michael Keane
44%
7 Arsenal Noni Madueke
44%
4 Without Club Scott Carson
44%
2 Charlotte Wilfried Zaha
44%
4 Marseille Angel Gomes
39%
10 Leicester Harry Winks
39%
1 Leeds James Justin
39%
1 Everton Jarrad Branthwaite
39%
2 Newcastle Lewis Hall
39%
1 Sheffield Wednesday Nathaniel Chalobah
39%
33 Aston Villa Ross Barkley
39%
1 Chelsea Trevoh Chalobah
39%
2 Crystal Palace Tyrick Mitchell
39%
3 Stoke Aaron Cresswell
33%
39 Ipswich Ashley Young
33%
2 West Ham Kyle Walker-Peters
33%
4 Wolverhampton Sam Johnstone
33%
3 Manchester United Tom Heaton
33%
9 Dag & Red Andy Carroll
28%
1 Lewis Cook Bournemouth
28%
2 Sheffield United Ben Godfrey
22%
1 Burnley Jack Cork
22%
1 Without Club Nathan Redmond
22%
1 Southampton Taylor Harwood-Bellis
22%
1 Southampton Alex McCarthy
17%
1 Crystal Palace Eddie Nketiah
17%
1 Without Club Martin Kelly
17%
14 Crystal Palace Nathaniel Clyne
17%
3 Cardiff Calum Chambers
11%
1 Wrexham Jay Rodriguez
11%
6 Without Club Jonjo Shelvey
11%
1 Bromley Carl Jenkinson
6%
3 Without Club Jack Rodwell
6%
7 Without Club Jake Livermore
6%
1 Newcastle John Ruddy
6%
1 Stjarnan Steven Caulker
6%
No matching quizzes found
Score Distribution
Percent of People with Each Score
Percentile by Number Answered
Your Score History
You have not taken this quiz since the last reset